000 00611nam a2200193Ia 4500
005 20250508163536.0
008 008 250505s9999 xx 000 0 eng d
020 _a81-202-0220-1
037 _aTextual
040 _aFEDL
_beng
_cFEDL
041 _aeng
_2eng
084 _a302.140 954, ENG
_qFEDL
100 _aEngineer Asghar Ali Ed.
245 0 _aCommunalism and communal violence in India: An analytical approach to Hindu - Muslim conflict
260 _aDelhi, India
_bAjanta Publications
_c1989
300 _a344p
942 _cTEXL
_h302.140 954, ENG
999 _c1383975
_d1383975